Hayvanlar Aleminden Masallar Seti - YAVAŞ KAPLUMBAĞA'NIN PİKNİĞİ (Record no. 1290151)

MARC details
000 -LEADER
sabit uzunluktaki kontrol alanı 00297nam a2200097Ia 4500
001 - KONTROL NUMARASI
kontrol alanı 1290151
005 - EN SON İŞLEMİN TARİH VE ZAMANI
kontrol alanı 20260417164510.0
008 - SABİT-UZUNLUKTA VERİ ÖĞELERİ--GENEL BİLGİ
sabit uzunluktaki kontrol alanı 260417s9999 xx 000 0 und d
245 #0 - ESER / YAZAR
ESER ADI Hayvanlar Aleminden Masallar Seti - YAVAŞ KAPLUMBAĞA'NIN PİKNİĞİ
Yazar Adı Yasemin Katı
260 ## - YAYIN, DAĞITIM, VB.
YAYIN EVİ Beyan Yayınları
Holdings
Düşüm durumu Kayıp durumu Hasar Durumu Ödünç verilmez Ana kütüphane Geçerli Kütüphane Edinilen tarih Toplam ödünç verme sayısı Barkod Son görüntüleme tarihi Fiyatın geçerli olmaya başladığı tarih Koha materyal türü
        ŞERİFE AKKANAT İLKOKULU ŞERİFE AKKANAT İLKOKULU 17.04.2026   11053902 17.04.2026 17.04.2026 Books